000
00321nam a2200133Ia 4500
008
190723s9999 xx 000 0 und d
020
_a
978-81-265-6469-9
100
_a
Richard A. Defusco
245
0
_a
Quantitative Investment analysis
250
_a
3rd
260
_a
india
_b
wiley
_c
2015
300
_a
608.:p
942
_c
BK
999
_c
1905
_d
1905